| 000 | 01647cam a22004337a 4500 | ||
|---|---|---|---|
| 001 | 000094969 | ||
| 003 | CHAP | ||
| 005 | 20250912083915.0 | ||
| 008 | 010920d2005 mx r 00110 spa d | ||
| 010 | _a91435 | ||
| 011 | _a92407 | ||
| 035 | _a102971 | ||
| 040 | _cCHAP | ||
| 090 | _aTesis | ||
| 100 | 0 | 0 |
_aVelasco Lozano, Milthon Carlos. _9118411 |
| 245 | 1 | 0 |
_aDinámica del banco de semillas de malezas en sistemas de labranza de conservación y convencional, en el Bajío Guanajuatense / _c/por Milthon Carlos Velasco Lozano. |
| 260 |
_aChapingo, Méx. : _bEl autor, _c2005. |
||
| 300 |
_a75 h. : _bilus. ; gráfs. ; cuadros. |
||
| 502 | _aTesis (Ing. Agr. Esp. en Fitotecnia) -- UACH. Departamento de Fitotecnia | ||
| 590 |
_aALEPH _b10 _c20130110 _lUCH01 _h1508 |
||
| 590 |
_aBATCH-UPD _b10 _c20130110 _lUCH01 _h0457 |
||
| 590 |
_aBATCH-UPD _b10 _c20130410 _lUCH01 _h0135 |
||
| 590 |
_aBATCH-UPD _b10 _c20130914 _lUCH01 _h1711 |
||
| 590 |
_aBATCH-UPD _b10 _c20140324 _lUCH01 _h1453 |
||
| 590 |
_aBATCH-UPD _b10 _c20141002 _lUCH01 _h0827 |
||
| 590 |
_aCONVERSION _b10 _c20130109 _lUCH01 _h1351 |
||
| 590 |
_aE792CSJ _b10 _c20130618 _lUCH01 _h1021 |
||
| 650 | 1 | 4 |
_aLabranza de conservación. _964308 |
| 650 | 1 | 4 |
_aLabranza. _964303 |
| 650 | 1 | 4 |
_aMalas hierbas _xGuanajuato. _970019 |
| 650 | 1 | 7 |
_aMalas hierbas _xSemillas _2 _970037 |
| 856 |
_3Finding aid _uhttp://10.13.5.2/tesis/102971.pdf _zTeclea aquí |
||
| 901 | _aBK | ||
| 905 | _aMarco A. Mendoza T. | ||
| 942 | _cCD | ||
| 942 | _n0 | ||
| 949 |
_aTesis _bBC _cTES _d1029711 _eTS1 _gDonaciØn _h44441 _i102971 _sb |
||
| 949 |
_aTesis _bBC _cTES _d33724000967360 _eTS2 _fc.2 _gDonaciØn _h44442 _i102971 _si |
||
| 999 |
_c91435 _d91435 |
||